| 000 | 00840cam a2200277 i 4500 | ||
|---|---|---|---|
| 999 |
_c200454576 _d72788 |
||
| 001 | 99670973406676 | ||
| 003 | TR-AnTOB | ||
| 005 | 20230928152000.0 | ||
| 007 | ta | ||
| 008 | 690430s1949 nyu|||| |||| 001 0|eng | ||
| 040 |
_aTR-AnTOB _beng _erda _cTR-AnTOB |
||
| 041 | 0 | _atur | |
| 060 | _aWS 100 | ||
| 096 |
_aWS100 _bA319 1949 TıpFaK |
||
| 100 | 1 |
_aAlantar, İhsan Hilmi _9143803 _eauthor |
|
| 245 | 1 | 0 |
_aÇocuk hastalıklarında tedavi / _cİ. H. Alantar, M. Bilger. |
| 250 | _aYenileştirilmiş 3. bası. | ||
| 264 | 1 |
_aİstanbul : _bAskeri Tıbbiye Matbaası, _c1949. |
|
| 300 |
_a144 pages : _billustrations ; _c17 cm |
||
| 336 |
_atext _btxt _2rdacontent |
||
| 337 |
_aunmediated _bn _2rdamedia |
||
| 338 |
_avolume _bnc _2rdacarrier |
||
| 700 | 1 |
_aBilger, M. _eauthor _9143804 |
|
| 942 |
_2NLM _cBK |
||